|
|
|
|
| LEADER |
00677nab a2200181 i 4500 |
| 001 |
acta1651 |
| 005 |
20210421133208.0 |
| 008 |
161015s1978 hu o 0|| fre d |
| 022 |
|
|
|a 0567-8099
|
| 040 |
|
|
|a SZTE Egyetemi Kiadványok Repozitórium
|b hun
|
| 041 |
|
|
|a fre
|
| 100 |
1 |
|
|a Pagliano Jean-Paul
|
| 245 |
1 |
0 |
|a Rabelais
|h [elektronikus dokumentum] :
|b le médecin, le malade et la mort /
|c Pagliano Jean-Paul
|
| 260 |
|
|
|c 1978
|
| 300 |
|
|
|a 286-300
|
| 490 |
0 |
|
|a Acta Universitatis Szegediensis de Attila József Nominatae : acta romanica
|v 5
|
| 695 |
|
|
|a Rabelais, François, Irodalomtudomány
|
| 856 |
4 |
0 |
|u http://acta.bibl.u-szeged.hu/1651/1/romanica_005_286-300.pdf
|z Dokumentum-elérés
|